| 000 | 01196nam a2200337 i 4500 | ||
|---|---|---|---|
| 001 | 42876 | ||
| 003 | KOSZ 005 | ||
| 005 | 20220317123558.0 | ||
| 008 | 040404s2003 pl |000 0 pol d | ||
| 040 |
_cKOSZ 005 _aKOSZ 005 _dKOSZ 005/HR |
||
| 046 | _k2003 | ||
| 080 | _a33(438) | ||
| 080 | _a316(438) | ||
| 080 | _a62(438) | ||
| 245 | 0 | 0 |
_aKoszalińskie Studia i Materiały. _nNr 5 / _cPolitechnika Koszalińska, Koszalińskie Towarzystwo Naukowe. |
| 260 |
_aKoszalin : _bWydawnictwo Uczelniane PK, _c2003. |
||
| 300 |
_a282 s. : _bil. ; _c24 cm. |
||
| 388 | _a2001- | ||
| 650 | 4 | _aDemografia | |
| 650 | 4 | _aBezrobocie | |
| 650 | 4 | _aSocjologia | |
| 650 | 4 | _aGospodarka | |
| 650 | 4 | _aTechnika | |
| 650 | 4 | _aIntegracja europejska | |
| 651 | _aPolska | ||
| 658 | _aGospodarka, ekonomia, finanse | ||
| 710 | 0 |
_aWydawnictwo Uczelniane (Politechnika Koszalińska) _4pbl. |
|
| 856 |
_uhttp://koha.tu.koszalin.pl/cgi-bin/koha/opac-detail.pl?biblionumber=42876 _yKatalog online BPK |
||
| 856 |
_uhttp://dlibra.tu.koszalin.pl/dlibra/docmetadata?id=768&from=&dirids=1&ver_id=&lp=2&QI= _yBiblioteka Cyfrowa |
||
| 942 |
_cKS _2UKD |
||
| 999 |
_c42876 _d42876 |
||